Giao dịch thương mại điện tử một số vấn đề cơ bản

Uloženo v:
Podrobná bibliografie
Hlavní autor: Nguyễn Văn Minh
Médium: Kniha
Jazyk:Undetermined
Vydáno: H. CTQG 2002
Témata:
Tagy: Přidat tag
Žádné tagy, Buďte první, kdo otaguje tento záznam!
Thư viện lưu trữ: Trung tâm Học liệu Trường Đại học Cần Thơ
LEADER 00627nam a2200193Ia 4500
001 CTU_58720
008 210402s9999 xx 000 0 und d
020 |b 35000 
082 |a 004.678 
082 |b M312 
100 |a Nguyễn Văn Minh 
245 0 |a Giao dịch thương mại điện tử một số vấn đề cơ bản 
245 0 |c Nguyễn Văn Minh và Trần Hoài Nam 
260 |a H. 
260 |b CTQG 
260 |c 2002 
650 |a electronic commerce,electronic data interchange,information superhighway 
904 |i Minh 
980 |a Trung tâm Học liệu Trường Đại học Cần Thơ